Industrial Chemistry (Record no. 5745)

MARC details
000 -LEADER
fixed length control field 00387nam a2200157Ia 4500
008 - FIXED-LENGTH DATA ELEMENTS--GENERAL INFORMATION
fixed length control field 221030s9999 xx 000 0 und d
020 ## - INTERNATIONAL STANDARD BOOK NUMBER
ISBN 81:87, 224: 00:2
041 ## - LANGUAGE CODE
Language code of text/sound track or separate title
082 ## - DEWEY DECIMAL CLASSIFICATION NUMBER
Classification number 105.23
Item number Sha
100 ## - MAIN ENTRY--AUTHOR NAME
Personal name B. K. Sharma
245 #0 - TITLE STATEMENT
Title Industrial Chemistry
Statement of responsibility, etc by B. K. Sharma
260 ## - PUBLICATION, DISTRIBUTION, ETC. (IMPRINT)
Name of publisher Krishna Prakashan
Place of publication Meerut
Year of publication 2000
300 ## - PHYSICAL DESCRIPTION
Number of Pages 228
650 ## - SUBJECT ADDED ENTRY--TOPICAL TERM
Topical Term Chemistry
942 ## - ADDED ENTRY ELEMENTS (KOHA)
Koha item type Books
Holdings
Accession Number Cost, normal purchase price Full call number Price effective from Koha item type Withdrawn / writtenoff status Materials specified (bound volume or other part) Damaged status Not for loan Permanent Location Current Location Shelving location Date acquired Lost/ Missing status department
BE 1430 340.00 105.23 Sha 10/30/2022 Books   Print     MIET Library, Jammu MIET Library, Jammu BL-Academic Block - C, FL-2, CUP-18, SH-3, R-3 05/04/2000   BE
BE 1431 340.00 105.23 Sha 10/30/2022 Books   Print     MIET Library, Jammu MIET Library, Jammu BL-, FL-, CUP-0, SH-0, R-0 05/04/2000   BE